Culture Générale - Série 1105 - Statistiques

Statistiques générales
  • Ce quiz a été pris 101 fois
  • Le résultat moyen est 5 sur 10
Statistiques - réponses
Question Réponse % Correct
Dans quel pays est né Ernesto Guevara, dit "Che Guevara" ? Argentine
84%
Joseph Vissarionovitch Djougachvili est mieux connu sous le nom de : Staline
74%
Qui a retiré la France de l’OTAN en 1966 ? Charles De Gaulle
73%
Dans quel pays Che Guevara a-t-il été tué en 1967 ? Bolivie
59%
Dans quel pays Trotski a-t-il été assassiné en 1940 ? Mexique
55%
A qui doit-on l'expression "rideau de fer" ? Winston Churchill
53%
De quel pays Benazir Bhutto, assassinée en 2007, était-elle le chef de l’opposition ? Pakistan
44%
Dans l’Afrique du Sud des années 1990, le chef mythique de l’ANC, l’African National Congress, est : Nelson Mandela
35%
Josip Broz est mieux connu sous le nom de ... Tito
30%
Qui était le premier ministre du Royaume Uni en 2010 ? Gordon Brown
16%
Aucun quiz correspondant
Distribution des résultats
% des personnes avec chaque résultat
Percentile par nombre de réponses
Votre historique - résultats
Vous n’avez pas pris ce quiz